Capitals in their native language - Statistics

General Stats
  • This quiz has been taken 16 times
  • The average score is 9 of 9
Answer Stats
Hint Answer % Correct
Dublin Dublin
100%
London London
100%
Ottawa Ottawa
100%
Singapore Singapore
100%
Washington D.C. Washington D.C.
100%
Wellington Wellington
100%
Canberra Canberra
93%
Abuja Abuja
87%
Port Moresby Port Moresby
87%
No matching quizzes found
Score Distribution
Percent of People with Each Score
Percentile by Number Answered
Your Score History
You have not taken this quiz